<?xml version="1.0" encoding="UTF-8"?>
<record
    xmlns:xsi="http://www.w3.org/2001/XMLSchema-instance"
    xsi:schemaLocation="http://www.loc.gov/MARC21/slim http://www.loc.gov/standards/marcxml/schema/MARC21slim.xsd"
    xmlns="http://www.loc.gov/MARC21/slim">

  <leader>00581nam a22002057a 4500</leader>
  <controlfield tag="001">3417</controlfield>
  <controlfield tag="003">HMS</controlfield>
  <controlfield tag="005">20260625103424.0</controlfield>
  <controlfield tag="008">260625e2026    cl  |||gr|||| 00| f spa  </controlfield>
  <datafield tag="020" ind1=" " ind2=" ">
    <subfield code="a">9789566094999</subfield>
  </datafield>
  <datafield tag="040" ind1=" " ind2=" ">
    <subfield code="a">hms</subfield>
    <subfield code="b">spa</subfield>
    <subfield code="c">hms</subfield>
  </datafield>
  <datafield tag="082" ind1="0" ind2="4">
    <subfield code="a">Ch863 H344</subfield>
  </datafield>
  <datafield tag="100" ind1="1" ind2=" ">
    <subfield code="a">Hasb&#xFA;n, Javier</subfield>
    <subfield code="e">Autor</subfield>
    <subfield code="9">6179</subfield>
  </datafield>
  <datafield tag="245" ind1="1" ind2="4">
    <subfield code="a">Los del ba&#xF1;o :</subfield>
    <subfield code="b">Novelas /</subfield>
    <subfield code="c">Javier Hasb&#xFA;n.</subfield>
    <subfield code="h">[libro]</subfield>
  </datafield>
  <datafield tag="250" ind1=" " ind2=" ">
    <subfield code="a">Primera edici&#xF3;n 2026</subfield>
  </datafield>
  <datafield tag="260" ind1=" " ind2=" ">
    <subfield code="a">Santiago de Chile :</subfield>
    <subfield code="b">Marciano Ediciones,</subfield>
    <subfield code="c">2026</subfield>
  </datafield>
  <datafield tag="300" ind1=" " ind2=" ">
    <subfield code="a">83 p&#xE1;ginas ;</subfield>
    <subfield code="c">21 cm.</subfield>
  </datafield>
  <datafield tag="650" ind1=" " ind2="7">
    <subfield code="a">Novelas chilenas </subfield>
    <subfield code="9">6180</subfield>
  </datafield>
  <datafield tag="942" ind1=" " ind2=" ">
    <subfield code="2">ddc</subfield>
    <subfield code="c">COL GRAL</subfield>
    <subfield code="n">0</subfield>
  </datafield>
  <datafield tag="999" ind1=" " ind2=" ">
    <subfield code="c">3417</subfield>
    <subfield code="d">3417</subfield>
  </datafield>
  <datafield tag="952" ind1=" " ind2=" ">
    <subfield code="0">0</subfield>
    <subfield code="1">0</subfield>
    <subfield code="2">ddc</subfield>
    <subfield code="4">0</subfield>
    <subfield code="7">0</subfield>
    <subfield code="8">col.gral</subfield>
    <subfield code="a">BHMS</subfield>
    <subfield code="b">BHMS</subfield>
    <subfield code="c">DISPLAY</subfield>
    <subfield code="d">2026-06-04</subfield>
    <subfield code="e">Donaci&#xF3;n BCN</subfield>
    <subfield code="i">0003407</subfield>
    <subfield code="l">0</subfield>
    <subfield code="o">Ch863 H344 2026</subfield>
    <subfield code="p">0003407</subfield>
    <subfield code="r">2026-06-25 10:04:00</subfield>
    <subfield code="t">c.1</subfield>
    <subfield code="w">2026-06-25</subfield>
    <subfield code="y">COL GRAL</subfield>
  </datafield>
</record>
